Normal view
MARC view
- Levinson, Lev Efimovich
Entry Personal Name
001 - CONTROL NUMBER
- control field: 40666
003 - CONTROL NUMBER IDENTIFIER
- control field: NUST
005 - DATE AND TIME OF LATEST TRANSACTION
- control field: 20210314131838.0
008 - FIXED-LENGTH DATA ELEMENTS
- fixed length control field: 210314|| aca||aabn | a|a d
040 ## - CATALOGING SOURCE
- Original cataloging agency: NUST
- Transcribing agency: NUST
100 ## - HEADING--PERSONAL NAME
- Personal name: Levinson, Lev Efimovich
670 ## - SOURCE DATA FOUND
- Source citation: Work cat.: (NUST): Levinson, Lev Efimovich,, Fundamentals of engineering mechanics., [1962]
